Čo je biofyzika A ČO NÁM PRINÁŠA?

Bibliographic Details
Main Author: Michalov, Jozef, 1933-2018 (Author)
Format: Article
Language:Slovak

MARC

LEADER 00000nab a2200000 a 4500
001 vtls011108225
003 SK-MaSNL
005 20260303143542.0
008 230222|1970 xo |||||||||||||||||slo|
015 |a SNBRB 
035 |a (uuid)71fc35da-d137-4d08-85b0-167089a30a84 
035 |a (urnnbn)urn:nbn:sk:snk:ar-a08bbl 
035 |a urn:nbn:sk:snk-ab9efb 
040 |a SNKBUCL  |b slo  |c SNKBUCL  |e AACR2 
041 0 |a slo 
044 |a xo  |c SK 
100 1 |a Michalov, Jozef,  |d 1933-2018  |4 aut  |9 173860 
245 1 0 |a Čo je biofyzika A ČO NÁM PRINÁŠA?  |c Jozef Michalov 
773 0 |t Svet vedy : populárnovedecký mesačník SAV a Čs. spoločnosti pre šírenie politických a vedeckých poznatkov  |g Roč. 17, č. 12 (1970), s. 710-716 
954 |a odborná, vedecká literatúra pôvodná (slovenská)  |2 lita 
958 |a OND 
958 |a EUIPO 
958 |a article13 
999 |c 1990821  |d 1992751